Movies Quiz

Random Movies Quiz

Movies by Muppet Poster Quiz Stats

 Plays Quiz Updated Oct 15, 2013

Challenge
Share
Tweet
Score 0/24 Timer 06:00
156 Plays Today
# Movie % Correct
Muppet Wars
95.4%
Forrest Green
93.6%
The Sow of Music
90.4%
The Kerminator
87.6%
Pirates of the Amphibian: At Wit's End
87.1%
Schnoz
85%
Frogstin Flowers: The Swine Who Snagged Me
80.8%
Frog Ventoori: Wet Detective
77%
Plump Fiction
76.8%
Jurassic Pork
75.3%
Men in Plaid
72.5%
Lawrence of Amphibia
71.5%
# Movie % Correct
Breakfast, Lunch & Dinner at Tiffany's
68.4%
Crocodile Kermie
68.3%
Piggy Woman
65%
The Dogfather
64%
The Undergraduate
56%
Muppetfellas
55.2%
The Lord of the Grins: The Return of the King
50.8%
Rodent Without a Cause
50.3%
Driving Me Crazy
49.4%
Nerdy Dancing
26%
Muppet Instinct
21.5%
He-Frog and the Muppets of the Universe
16.4%

You're not logged in!

Compare scores with friends on all Sporcle quizzes.
OR
Log In

You Might Also Like...

Show Comments

Extras

Top Quizzes Today


Score Distribution

Your Account Isn't Verified!

In order to create a playlist on Sporcle, you need to verify the email address you used during registration. Go to your Sporcle Settings to finish the process.

Report this User

Report this user for behavior that violates our Community Guidelines.

Details: